000 00290nam a2200109Ia 4500
008 190216s9999||||xx |||||||||||||| ||und||
100 _aMoregan K W
245 0 _aIslam The Straight Path Islam Interpretyed By Muslims
260 _bMotilal Publishers Delhi
650 _aHistory
942 _cBK
999 _c19976
_d19976